Civilizaciones : La lucha del hombre por controlar la naturaleza /

Para Felipe Fernández-Armesto la civilización no es el resultado de una estructura política, estética o religiosa, sino del intento cultural de readaptar el entorno. Una sociedad es civilizada en función de la domesticación a la que somete al clima, la geografía y la ecología. Las mismas fuerzas imp...

Full description

Bibliographic Details
Main Author: Fernández-Armesto, Felipe
Format: Libro
Language:Spanish
Published: Madrid Taurus 2002
Series:Taurus. Historia
Subjects:
Online Access:

MARC

LEADER 00000cam a2200000 a 4500
001 022239
003 UAHC_CL
005 20170803122109.0
008 061026b2002 sp 000 spa
020 |a 8430604766 
040 |a UAHC_CL  |c UAHC_CL  |d UAHC_CL 
100 1 |a Fernández-Armesto, Felipe 
245 1 0 |a Civilizaciones :  |b La lucha del hombre por controlar la naturaleza /  |c Felipe Fernández-Armesto. 
260 |b Taurus  |a Madrid  |c 2002 
300 |a 685 p. 
490 0 |a Taurus. Historia 
520 |a Para Felipe Fernández-Armesto la civilización no es el resultado de una estructura política, estética o religiosa, sino del intento cultural de readaptar el entorno. Una sociedad es civilizada en función de la domesticación a la que somete al clima, la geografía y la ecología. Las mismas fuerzas impersonales que sitúan un océano entre África y la India o una cordillera montañosa en América del sur han creado el molde con el que la humanidad ha perfilado unas culturas salvajemente distintas. Al contrario que otros intentos previos de escribir la historia comparativa de las civilizaciones, este libro está organizado por entornos, en lugar de por periodos o sociedades. Encontramos, por supuesto, las conocidas civilizaciones ribereñas de Mesopotamia y el Nilo, pero también las civilizaciones de las regiones montañosas, las culturas isleñas de la Creta minoica a la Venecia renacentista y las civilizaciones marítimas. 
521 |a Geografía humana, desarrollo local y global 
650 4 |a GEOGRAFIA CULTURAL 
650 4 |a GEOGRAFIA HISTORICA 
650 4 |a GEOGRAFIA HUMANA 
650 4 |a CIVILIZACIONES  |x HISTORIA 
653 |a LICENCIATURA EN HISTORIA 
658 |a González, Pilar 
900 |a 911.3 FER 
942 |c BK 
952 |0 0  |1 0  |4 0  |6 911_300000000000000_FER  |7 0  |8 General  |9 44173  |a BC  |b BC  |c General  |d 2017-08-03  |l 0  |o 911.3 FER  |p 1356130  |r 2026-01-13 00:00:00  |t 1  |w 2017-08-03  |y BK 
952 |0 0  |1 0  |4 0  |6 911_300000000000000_FER  |7 0  |8 General  |9 44174  |a BC  |b BC  |c General  |d 2017-08-03  |l 0  |o 911.3 FER  |p 1356131  |r 2026-01-13 00:00:00  |t 2  |w 2017-08-03  |y BK 
952 |0 0  |1 0  |4 0  |6 911_300000000000000_FER  |7 0  |8 General  |9 44175  |a BC  |b BC  |c General  |d 2017-08-03  |l 0  |o 911.3 FER  |p 1356132  |r 2026-01-13 00:00:00  |t 3  |w 2017-08-03  |y BK 
952 |0 0  |1 0  |4 0  |6 911_300000000000000_FER  |7 0  |8 General  |9 44176  |a BC  |b BC  |c General  |d 2017-08-03  |l 1  |o 911.3 FER  |p 1356133  |r 2026-01-13 00:00:00  |s 2018-03-19  |t 4  |w 2017-08-03  |y BK 
952 |0 0  |1 0  |4 0  |6 911_300000000000000_FER  |7 0  |8 General  |9 44177  |a BC  |b BC  |c General  |d 2017-08-03  |l 0  |o 911.3 FER  |p 1356343  |r 2026-01-13 00:00:00  |t 5  |w 2017-08-03  |y BK 
999 |c 22239  |d 22239